| 000 | 00481nam a2200181Ia 4500 | ||
|---|---|---|---|
| 005 | 20250326141443.0 | ||
| 008 | 250326s9999 xx 000 0 und d | ||
| 037 | _aTextbook | ||
| 040 |
_aFMSL _beng _cFMSL |
||
| 041 |
_aeng _2eng |
||
| 084 | _qFMSL | ||
| 100 |
_aMishra D K _9451299 |
||
| 245 | 0 |
_aPublic debt and economic development in India _cMishra D K |
|
| 260 |
_aLucknow _bLucknow, Print House _c1985 |
||
| 300 | _a564p | ||
| 942 | _cTB | ||
| 999 |
_c1290392 _d1290392 |
||